000 00412nam a2200193Ia 4500
001 14437
003 GE_BSU
008 181216s||||||||xx |||||||||||||| ||und||
040 _cGE_BSU
080 _a821.111-3
100 _aBagley,Desmond
245 _aBahama Crisis
260 _aLondon
260 _bBook club Associates
260 _c1980
300 _a250p.21cm.
653 _aBahama Crisis
942 _cBK
999 _c47573
_d47573